[Event "Prague op"]
[Site "Prague"]
[Date "2024.03.04"]
[Round "6"]
[White "Zhao, Yuanhe"]
[Black "Kourkoulos Arditis, Stamatis"]
[Result "0-1"]
[WhiteElo "2449"]
[BlackElo "2556"]
[PlyCount "136"]
[EventDate "2024.02.28"]
[EventType "swiss"]
[EventRounds "9"]
[EventCountry "CZE"]
[SourceTitle "CB11_2024"]
[SourceDate "2024.03.13"]
[SourceVersion "1"]
[SourceVersionDate "2024.03.13"]
[SourceQuality "1"]

1. Nf3 d5 2. d4 e6 3. g3 b6 4. Bg2 Bb7 5. 0-0 Nd7 6. c4 dxc4 7. Qa4 a6 8. Qxc4 Ngf6 9. Bg5 c5 10. dxc5 Bxc5 11. Rd1 b5 12. Qh4 Qb6 13. e3 h6 14. Bxf6 Nxf6 15. Nbd2 0-0 16. Nf1 Rfd8 17. Rac1 Be7 18. Qf4 Rxd1 19. Rxd1 Rc8 20. Qd4 Qc7 21. Qd2 b4 22. Nd4 Bxg2 23. Kxg2 Qa5 24. Ra1 Qd5+ 25. Kg1 g6 26. Qe2 a5 27. h4 h5 28. a3 b3 29. Rd1 a4 30. Qa6 Qc4 31. Qb7 Bf8 32. Nd2 Qc7 33. Qa6 Qd7 34. Nc4 Rc5 35. Rf1 Nd5 36. Ne5 Qd6 37. Qxd6 Bxd6 38. Nd3 Rc8 39. Rd1 Be7 40. Nb5 Nb6 41. e4 Rc2 42. Nd4 Rc4 43. Ne5 Bf6 44. Nef3 Bxd4 45. Nxd4 e5 46. Nf3 Rxe4 47. Rd8+ Kg7 48. Rb8 Nc4 49. Rb4 Rg4 50. Rxa4 Nd2 51. Nxd2 Rxa4 52. Nxb3 Rc4 53. Na5 Rc5 54. b4 Rc3 55. a4 f6 56. b5 Ra3 57. b6 Rxa4 58. b7 Rb4 59. Kf1 Rb2 60. Ke1 Kf8 61. Kd1 Ke8 62. Kc1 Rb5 63. Kd2 Kd7 64. f4 exf4 65. gxf4 Kc7 66. Nc4 Rxb7 67. f5 gxf5 68. Ne3 Rb5 0-1

[Event "Prague op"]
[Site "Prague"]
[Date "2024.03.03"]
[Round "5"]
[White "Harshavardhan, GB."]
[Black "Zhao, Yuanhe"]
[Result "1/2-1/2"]
[WhiteElo "2392"]
[BlackElo "2449"]
[PlyCount "52"]
[EventDate "2024.02.28"]
[EventType "swiss"]
[EventRounds "9"]
[EventCountry "CZE"]
[SourceTitle "CB11_2024"]
[SourceDate "2024.03.13"]
[SourceVersion "1"]
[SourceVersionDate "2024.03.13"]
[SourceQuality "1"]

1. e4 c5 2. Nf3 a6 3. c4 Nc6 4. d4 cxd4 5. Nxd4 e5 6. Nf5 d5 7. cxd5 Bxf5 8. exf5 Nd4 9. Nc3 Bd6 10. Bd3 Qd7 11. 0-0 Nxf5 12. Na4 Rd8 13. Nb6 Qc7 14. Qa4+ Kf8 15. Bxf5 Qxb6 16. Be3 Qb5 17. Qxb5 axb5 18. Bb6 Ra8 19. Bd3 b4 20. Rfc1 Nf6 21. Bc5 Ke7 22. Rc4 Nxd5 23. Be4 Rhc8 24. Bxd6+ Kxd6 25. Bxd5 Kxd5 26. Rxb4 Rxa2 1/2-1/2

[Event "Hong Kong op"]
[Site "Hong Kong"]
[Date "2023.12.27"]
[Round "6"]
[White "Chan, Pui Yin Brandon"]
[Black "Zhao, Yuanhe"]
[Result "0-1"]
[WhiteElo "1557"]
[BlackElo "2462"]
[PlyCount "78"]
[EventDate "2023.12.24"]
[EventType "swiss"]
[EventRounds "9"]
[EventCountry "HKG"]
[SourceTitle "CB01_2024"]
[SourceDate "2024.01.03"]
[SourceVersion "1"]
[SourceVersionDate "2024.01.03"]
[SourceQuality "1"]

1. c4 e5 2. Nc3 d6 3. g3 f5 4. Bg2 Be7 5. b3 Nf6 6. Bb2 Nc6 7. e3 Be6 8. Nge2 d5 9. d4 e4 10. c5 Bf7 11. h4 Qd7 12. a3 h6 13. Nf4 g6 14. b4 Rg8 15. Bf1 g5 16. hxg5 hxg5 17. Ng2 Nd8 18. b5 c6 19. a4 Kf8 20. a5 Rb8 21. Qa4 a6 22. bxa6 bxa6 23. Qc2 Qc7 24. Na4 Bh5 25. Nb6 Bf3 26. Rh3 Ng4 27. Rh7 Ne6 28. Ra3 Ng7 29. Bc4 Nf6 30. Rxg7 Kxg7 31. Bf1 Rh8 32. Kd2 Bxg2 33. Bxg2 Rh2 34. Bf1 Rxf2+ 35. Be2 Qxg3 36. Ra1 Ng4 37. Qc3 Rxe2+ 38. Kxe2 Qf2+ 39. Kd1 Rh8 0-1

[Event "Hong Kong op"]
[Site "Hong Kong"]
[Date "2023.12.25"]
[Round "3"]
[White "Zhao, Yuanhe"]
[Black "Cai, Songliang"]
[Result "0-1"]
[WhiteElo "2462"]
[BlackElo "2056"]
[PlyCount "98"]
[EventDate "2023.12.24"]
[EventType "swiss"]
[EventRounds "9"]
[EventCountry "HKG"]
[SourceTitle "CB01_2024"]
[SourceDate "2024.01.03"]
[SourceVersion "1"]
[SourceVersionDate "2024.01.03"]
[SourceQuality "1"]

1. Nf3 Nf6 2. c4 g6 3. Nc3 Bg7 4. e4 d6 5. d4 0-0 6. h3 c5 7. d5 e6 8. Bd3 exd5 9. exd5 Re8+ 10. Be3 Bf5 11. Bxf5 gxf5 12. 0-0 Ne4 13. Ne2 Nd7 14. Qc2 Qf6 15. Rab1 Bh6 16. Nf4 Bxf4 17. Bxf4 Ne5 18. Qb3 Re7 19. Rbe1 Kh8 20. Nd2 Rg8 21. f3 Ng3 22. Rf2 Nh5 23. Bh2 Qh4 24. Re3 Nf4 25. Bxf4 Qxf4 26. Nf1 f6 27. Qc3 Reg7 28. b3 Qh4 29. f4 Ng6 30. g4 fxg4 31. hxg4 Ne5 32. g5 Ng4 33. Ref3 Nxf2 34. Rxf2 Qg4+ 35. Ng3 Re8 36. Kh2 fxg5 37. f5 Re5 38. f6 Rf7 39. Qd3 Qh4+ 40. Kg2 g4 41. Ne4 g3 42. Nxg3 Rxf6 43. Rxf6 Qxf6 44. a3 Qf4 45. Qc3 Kg8 46. Qa5 b6 47. Qa6 Qg4 48. Kf2 Rg5 49. Ne2 Rf5+ 0-1

[Event "Abu Dhabi op 29th"]
[Site "Abu Dhabi"]
[Date "2023.08.22"]
[Round "7"]
[White "Divya, Deshmukh"]
[Black "Zhao, Yuanhe"]
[Result "0-1"]
[WhiteElo "2372"]
[BlackElo "2456"]
[PlyCount "138"]
[EventDate "2023.08.16"]
[EventType "swiss"]
[EventRounds "9"]
[EventCountry "UAE"]
[SourceTitle "EXT 2024"]
[Source "ChessBase"]
[SourceDate "2023.10.10"]
[SourceVersion "1"]
[SourceVersionDate "2023.10.10"]
[SourceQuality "1"]

1. d4 d5 2. c4 c6 3. cxd5 cxd5 4. Nc3 Nf6 5. Bf4 a6 6. Nf3 e6 7. e3 Bd6 8. Ne5 Nc6 9. Qa4 Bxe5 10. Bxe5 0-0 11. Bxf6 Qxf6 12. Bd3 Qe7 13. 0-0 Bd7 14. Qd1 Rac8 15. Rc1 Na5 16. e4 dxe4 17. Bxe4 b5 18. d5 Nc4 19. dxe6 Bxe6 20. b3 Rfd8 21. Qe2 Nd2 22. Nd5 Bxd5 23. Bxh7+ Kf8 24. Qxd2 Bc4 25. Qc2 Bxf1 26. Qxc8 Bxg2 27. Qc5 Qxc5 28. Rxc5 Bh3 29. Bc2 Re8 30. f4 Re2 31. Rc3 b4 32. Rxh3 Rxc2 33. Rh8+ Ke7 34. Rb8 a5 35. Rb7+ Ke8 36. f5 Rxa2 37. h4 Kf8 38. Rb8+ Ke7 39. Rb6 Rb2 40. Ra6 Rxb3 41. f6+ gxf6 42. Rxa5 Rb1+ 43. Kg2 Kf8 44. Rf5 Kg7 45. Rf2 Rb3 46. Rf4 Rb2+ 47. Kg3 Rb1 48. Kg4 b3 49. Kf5 Rg1 50. Rf2 Rc1 51. Rg2+ Kf8 52. Rb2 Rc5+ 53. Kxf6 Rb5 54. h5 Rb6+ 55. Ke5 Kg7 56. Kf4 Rb5 57. Ke4 Kh6 58. Kd4 Kxh5 59. Kc3 f5 60. Kc4 Rb8 61. Kd4 Kg4 62. Ke3 f4+ 63. Kf2 Rb7 64. Kg2 f3+ 65. Kf2 Kf4 66. Rb1 b2 67. Rd1 Re7 68. Kf1 Kg3 69. Rb1 Rc7 0-1

[Event "Abu Dhabi op 29th"]
[Site "Abu Dhabi"]
[Date "2023.08.21"]
[Round "6"]
[White "Zhao, Yuanhe"]
[Black "Yakubboev, Nodirbek"]
[Result "1/2-1/2"]
[WhiteElo "2456"]
[BlackElo "2630"]
[PlyCount "124"]
[EventDate "2023.08.16"]
[EventType "swiss"]
[EventRounds "9"]
[EventCountry "UAE"]
[SourceTitle "EXT 2024"]
[Source "ChessBase"]
[SourceDate "2023.10.10"]
[SourceVersion "1"]
[SourceVersionDate "2023.10.10"]
[SourceQuality "1"]

1. Nf3 c5 2. c4 Nf6 3. Nc3 e6 4. e3 d5 5. cxd5 exd5 6. d4 a6 7. Be2 Nc6 8. 0-0 cxd4 9. exd4 Bd6 10. Bg5 Be6 11. Na4 h6 12. Bh4 g5 13. Bg3 Ne4 14. Bxd6 Qxd6 15. Rc1 0-0 16. Nc5 Nxc5 17. dxc5 Qf4 18. Qd2 Qxd2 19. Nxd2 Bf5 20. Rfd1 Rfe8 21. Bf1 Rad8 22. a3 Kg7 23. b4 Kf6 24. h3 h5 25. Nb3 d4 26. Nd2 Ne5 27. f3 d3 28. g4 Bg6 29. Kf2 Rd4 30. Re1 Rf4 31. Kg2 Rd8 32. Re3 Rdd4 33. Rce1 Rd5 34. Rc1 Kg7 35. Kg3 f6 36. Kg2 Rdd4 37. Rd1 Kf8 38. Rde1 Rd5 39. Rc1 h4 40. Kf2 Kf7 41. Kg2 Kg7 42. Kf2 Kf8 43. Rc3 Rdd4 44. Rc1 Be8 45. Rc3 Bb5 46. Ke1 Kf7 47. Kf2 Ke6 48. a4 Bxa4 49. Bxd3 Rxb4 50. Nc4 Bc6 51. Bf5+ Kd5 52. Be4+ Kd4 53. Nxe5 Bxe4 54. c6 Rb2+ 55. Ke1 bxc6 56. Nxc6+ Bxc6 57. Red3+ Ke5 58. Rc5+ Bd5 59. Rcxd5+ Ke6 60. Rd6+ Kf7 61. Rxa6 Rc4 62. Kd1 Rb7 1/2-1/2

[Event "CHN-chT"]
[Site "Hangzhou"]
[Date "2023.05.22"]
[Round "4.1"]
[White "Zhao, Yuanhe"]
[Black "Xu, Yinglun"]
[Result "1/2-1/2"]
[WhiteElo "2463"]
[BlackElo "2549"]
[PlyCount "66"]
[EventDate "2023.05.19"]
[EventType "team-swiss"]
[EventRounds "9"]
[EventCountry "CHN"]
[SourceTitle "CBM 214 Extra"]
[Source "ChessBase"]
[SourceDate "2023.07.31"]
[SourceVersion "1"]
[SourceVersionDate "2023.07.31"]
[SourceQuality "1"]
[WhiteTeam "Chengdu"]
[BlackTeam "Guangdong"]
[WhiteTeamCountry "CHN"]
[BlackTeamCountry "CHN"]

1. Nf3 Nf6 2. c4 e6 3. e3 Be7 4. Be2 c5 5. 0-0 0-0 6. b3 Nc6 7. Bb2 d5 8. d4 cxd4 9. Nxd4 Nxd4 10. Bxd4 b6 11. cxd5 Nxd5 12. Nc3 Nxc3 13. Bxc3 Bb7 14. Bc4 Qxd1 15. Rfxd1 Rfd8 16. Kf1 Kf8 17. a4 Rxd1+ 18. Rxd1 Rd8 19. Rxd8+ Bxd8 20. Bb4+ Be7 21. Bc3 a5 22. Bd4 Bc5 23. Bc3 Be7 24. Be5 Bb4 25. h3 h5 26. h4 Bc5 27. Bc3 Bc6 28. g3 g6 29. Bf6 Bf3 30. Ke1 Bb4+ 31. Kf1 Bc5 32. Ke1 Bb4+ 33. Kf1 Bc5 1/2-1/2

[Event "La Roda op 49th"]
[Site "La Roda"]
[Date "2023.04.09"]
[Round "8"]
[White "Dias, Ricardo Pedro Cruz"]
[Black "Zhao, Yuanhe"]
[Result "0-1"]
[WhiteElo "2195"]
[BlackElo "2447"]
[PlyCount "88"]
[EventDate "2023.04.05"]
[EventType "swiss"]
[EventRounds "9"]
[EventCountry "ESP"]
[SourceTitle "CBM 213 Extra"]
[Source "ChessBase"]
[SourceDate "2023.05.31"]
[SourceVersion "1"]
[SourceVersionDate "2023.05.31"]
[SourceQuality "1"]

1. d4 Nf6 2. c4 g6 3. Nc3 d5 4. Nf3 Bg7 5. Qb3 c6 6. cxd5 cxd5 7. Bg5 e6 8. e3 0-0 9. Bd3 Nc6 10. 0-0 h6 11. Bh4 g5 12. Bg3 Nh5 13. Be5 f6 14. Bg6 fxe5 15. Bxh5 exd4 16. exd4 Nxd4 17. Nxd4 Bxd4 18. Rad1 Qf6 19. Kh1 Bxc3 20. bxc3 b6 21. Be2 Bb7 22. c4 Rac8 23. Qa4 a5 24. Qb3 Bc6 25. Qxb6 dxc4 26. Qxa5 Bd5 27. Bg4 Ra8 28. Qc5 Rxa2 29. Kg1 Kg7 30. Rc1 Rf7 31. h3 Rd2 32. Rcd1 Rxd1 33. Rxd1 Qf4 34. Re1 Rc7 35. Qb6 c3 36. Bxe6 Re7 37. Re3 c2 38. Qb2+ Qf6 39. Qxc2 Rxe6 40. Qc7+ Kg6 41. Rxe6 Qxe6 42. Qd8 Bc6 43. f3 Bd5 44. h4 Qe1+ 0-1

[Event "La Roda op 49th"]
[Site "La Roda"]
[Date "2023.04.07"]
[Round "4"]
[White "Zhao, Yuanhe"]
[Black "Macias Sanchez, Homero"]
[Result "1-0"]
[WhiteElo "2447"]
[BlackElo "1940"]
[PlyCount "87"]
[EventDate "2023.04.05"]
[EventType "swiss"]
[EventRounds "9"]
[EventCountry "ESP"]
[SourceTitle "CBM 213 Extra"]
[Source "ChessBase"]
[SourceDate "2023.05.31"]
[SourceVersion "1"]
[SourceVersionDate "2023.05.31"]
[SourceQuality "1"]

1. Nf3 Nf6 2. c4 g6 3. Nc3 Bg7 4. e4 d6 5. d4 0-0 6. h3 e5 7. d5 Nh5 8. Nh2 Qe8 9. Be2 Nf4 10. Bf3 f5 11. h4 Qf7 12. g3 fxe4 13. Nxe4 Nh5 14. Be3 Nf6 15. Qe2 Nxe4 16. Bxe4 Bf5 17. Bg2 Na6 18. g4 Bd7 19. Rd1 Rae8 20. Be4 Nc5 21. Bxc5 dxc5 22. Rd3 Qf4 23. Re3 Bf6 24. g5 Bg7 25. Nf1 a6 26. Nd2 Bg4 27. f3 Bd7 28. Kd1 b5 29. Nb3 bxc4 30. Nxc5 Bf5 31. Kc2 Rd8 32. Ne6 Bxe6 33. dxe6 Rd4 34. Rc3 Rfd8 35. e7 Re8 36. Rxc4 Rxe7 37. Rxd4 exd4 38. Qxa6 Be5 39. Qc8+ Kg7 40. Kb1 Qf7 41. Qg4 Qc4 42. f4 Bxf4 43. Qxf4 d3 44. Qf6+ 1-0

[Event "La Roda op 49th"]
[Site "La Roda"]
[Date "2023.04.06"]
[Round "3"]
[White "Narayanan, Sunilduth Lyna"]
[Black "Zhao, Yuanhe"]
[Result "1/2-1/2"]
[WhiteElo "2661"]
[BlackElo "2447"]
[PlyCount "94"]
[EventDate "2023.04.05"]
[EventType "swiss"]
[EventRounds "9"]
[EventCountry "ESP"]
[SourceTitle "CBM 213 Extra"]
[Source "ChessBase"]
[SourceDate "2023.05.31"]
[SourceVersion "1"]
[SourceVersionDate "2023.05.31"]
[SourceQuality "1"]

1. d4 Nf6 2. Nf3 g6 3. Nbd2 d5 4. c4 c6 5. e3 Bg7 6. b3 0-0 7. Bb2 Bg4 8. Be2 e6 9. 0-0 Re8 10. h3 Bxf3 11. Nxf3 Nbd7 12. Qc2 Ne4 13. b4 a6 14. Bd3 f5 15. a4 Rc8 16. Qe2 g5 17. Rfd1 Qe7 18. b5 a5 19. bxc6 bxc6 20. Rdc1 h5 21. Ba3 Qf6 22. cxd5 exd5 23. Bxe4 dxe4 24. Nd2 g4 25. hxg4 hxg4 26. g3 Kh7 27. Kg2 Kg6 28. Rab1 Rh8 29. Rb7 Qg5 30. Rg1 Nf6 31. Nc4 Nd5 32. Bd6 Rh2+ 33. Kf1 Qh6 34. Ne5+ Bxe5 35. Bxe5 Rg8 36. Rd7 Qh3+ 37. Ke1 Nb4 38. Rd6+ Kh5 39. Bf4 Rh8 40. Qf1 Nd3+ 41. Ke2 Nxf4+ 42. exf4 Rb8 43. Qc1 Rxf2+ 44. Kxf2 Qh2+ 45. Rg2 e3+ 46. Qxe3 Rb2+ 47. Ke1 Rb1+ 1/2-1/2

[Event "CHN-chT"]
[Site "Nanjing"]
[Date "2023.02.14"]
[Round "1.3"]
[White "Zhao, Yuanhe"]
[Black "Li, Jiahong"]
[Result "1-0"]
[WhiteElo "2437"]
[BlackElo "1819"]
[PlyCount "113"]
[EventDate "2023.02.14"]
[EventType "team-swiss"]
[EventRounds "9"]
[EventCountry "CHN"]
[SourceTitle "CBM 212 Extra"]
[Source "ChessBase"]
[SourceDate "2023.03.31"]
[SourceVersion "1"]
[SourceVersionDate "2023.03.31"]
[SourceQuality "1"]
[WhiteTeam "Chengdu"]
[BlackTeam "Wuxi"]
[WhiteTeamCountry "CHN"]
[BlackTeamCountry "CHN"]

1. Nf3 d5 2. e3 Nf6 3. c4 e6 4. Nc3 Be7 5. Qc2 0-0 6. b3 b6 7. Bb2 Bb7 8. Be2 Nbd7 9. 0-0 Rc8 10. cxd5 exd5 11. Nb5 c6 12. Nxa7 Rc7 13. Nd4 Nb8 14. Rfc1 Bc5 15. Nf5 Ba6 16. d4 Bd6 17. Bxa6 Nxa6 18. Nxc6 Qd7 19. Nxd6 Qxd6 20. Qe2 Rxc6 21. Qxa6 Ng4 22. Rxc6 Qxh2+ 23. Kf1 Qh1+ 24. Ke2 Qxg2 25. Rf1 Nh2 26. Rcc1 h5 27. Rg1 Qf3+ 28. Kd2 Qxf2+ 29. Qe2 Nf3+ 30. Kd3 Qxe2+ 31. Kxe2 Nxg1+ 32. Rxg1 Rc8 33. Kd3 f6 34. Rh1 g6 35. a4 Kf7 36. Bc3 Ke6 37. b4 Rh8 38. a5 b5 39. e4 dxe4+ 40. Kxe4 f5+ 41. Kd3 Kd5 42. Bd2 h4 43. Bf4 h3 44. Be5 Rh7 45. Rc1 f4 46. Bxf4 h2 47. Rc5+ Ke6 48. Bxh2 Rxh2 49. Rxb5 Ra2 50. Ke4 Re2+ 51. Kd3 Ra2 52. Rg5 Kf6 53. Rg1 g5 54. Kc4 Rc2+ 55. Kb3 Rd2 56. a6 Rxd4 57. a7 1-0

[Event "CHN-chT Div-A Rapid"]
[Site "Fuling"]
[Date "2022.09.19"]
[Round "11.6"]
[White "Chen, Yuan1111"]
[Black "Zhao, Yuanhe"]
[Result "1-0"]
[WhiteElo "2138"]
[BlackElo "2440"]
[PlyCount "123"]
[EventDate "2022.09.06"]
[EventType "team-tourn (rapid)"]
[EventRounds "11"]
[EventCountry "CHN"]
[SourceTitle "CBM 210 Extra"]
[Source "ChessBase"]
[SourceDate "2022.11.30"]
[SourceVersion "1"]
[SourceVersionDate "2022.11.30"]
[SourceQuality "1"]
[WhiteTeam "Zhejiang"]
[BlackTeam "Chengdu"]
[WhiteTeamCountry "CHN"]
[BlackTeamCountry "CHN"]

1. e4 c5 2. Nf3 Nc6 3. d3 g6 4. g3 Bg7 5. Bg2 e6 6. 0-0 Nge7 7. Re1 d6 8. c3 e5 9. Be3 0-0 10. d4 exd4 11. cxd4 Bg4 12. dxc5 dxc5 13. Nc3 Nd4 14. h3 Bc8 15. Nd5 Nxd5 16. exd5 Qb6 17. Rc1 Bf5 18. Rxc5 Qxc5 19. Nxd4 Qc8 20. g4 Bd7 21. Qb3 Qb8 22. Qb4 Re8 23. Nb3 Bf8 24. Qd2 Qd6 25. Rd1 Rac8 26. Na5 Qb4 27. Qxb4 Bxb4 28. Nxb7 Rc2 29. a3 Rxe3 30. fxe3 Bd2 31. b4 Bxe3+ 32. Kh1 Bb6 33. Nc5 Bxc5 34. bxc5 Rxc5 35. Rb1 Bb5 36. Kh2 a6 37. Re1 Kf8 38. Re3 Rc2 39. Kg3 h6 40. Be4 Rc4 41. Kf4 Ke7 42. g5 f5 43. gxf6+ Kxf6 44. Kg3 Rd4 45. Bf3 Rd3 46. Re6+ Kf7 47. Kf4 Rxa3 48. Rb6 g5+ 49. Ke4 Ke7 50. Rxh6 Ra4+ 51. Ke5 Rh4 52. Rb6 Rxh3 53. Rb7+ Kd8 54. Bg4 Re3+ 55. Kd6 Ke8 56. Be6 Kf8 57. Rf7+ Ke8 58. Rg7 Rf3 59. Rxg5 a5 60. Rg8+ Rf8 61. Rg7 Rf4 62. Rb7 1-0

[Event "CHN-chT Div-A"]
[Site "Fuling"]
[Date "2022.09.19"]
[Round "11.6"]
[White "Zhao, Yuanhe"]
[Black "Chen, Yuan1111"]
[Result "1/2-1/2"]
[WhiteElo "2440"]
[BlackElo "2138"]
[PlyCount "250"]
[EventDate "2022.09.06"]
[EventType "team-tourn"]
[EventRounds "11"]
[EventCountry "CHN"]
[SourceTitle "CBM 210 Extra"]
[Source "ChessBase"]
[SourceDate "2022.11.30"]
[SourceVersion "1"]
[SourceVersionDate "2022.11.30"]
[SourceQuality "1"]
[WhiteTeam "Chengdu"]
[BlackTeam "Zhejiang"]
[WhiteTeamCountry "CHN"]
[BlackTeamCountry "CHN"]

1. Nf3 d5 2. d4 Nf6 3. g3 e6 4. Bg2 Be7 5. 0-0 0-0 6. c4 c6 7. Nc3 Nbd7 8. Qd3 c5 9. cxd5 exd5 10. b3 cxd4 11. Qxd4 Bc5 12. Qd3 Nb6 13. Bb2 Bg4 14. Rac1 Qe7 15. h3 Bh5 16. Nh4 Ba3 17. Bxa3 Qxa3 18. f4 Rfe8 19. g4 Qc5+ 20. Kh1 Bxg4 21. hxg4 Nxg4 22. Qg3 Ne3 23. Rg1 Nxg2 24. Qxg2 g6 25. Nf3 d4 26. Ne4 Qf5 27. Neg5 h6 28. Nh3 Re3 29. Rcf1 Nd5 30. Qh2 Rae8 31. Rf2 Nc3 32. Rgg2 d3 33. exd3 Nd1 34. Nhg1 Nxf2+ 35. Rxf2 Kg7 36. d4 R8e4 37. Ne2 Rd3 38. Ng3 Rd1+ 39. Kg2 Qxf4 40. Nxe4 Qxe4 41. Qe5+ Qxe5 42. dxe5 g5 43. Re2 Ra1 44. Nd4 h5 45. Nb5 Kg6 46. Nd6 h4 47. Rf2 g4 48. Nxf7 g3 49. Rf6+ Kh5 50. Rf5+ Kg6 51. Rf6+ Kh5 52. e6 Rxa2+ 53. Kg1 h3 54. Rh6+ Kg4 55. Ne5+ Kf5 56. Rxh3 Kxe6 57. Nd3 a5 58. Rh5 Kd6 59. Nc5 b5 60. Ne4+ Kc6 61. Rh6+ Kb7 62. Rh5 Kc6 63. Nc3 Ra1+ 64. Kg2 b4 65. Rh6+ Kc5 66. Rh5+ Kd4 67. Na4 Rb1 68. Nc5 Rc1 69. Ne6+ Kd3 70. Rd5+ Ke4 71. Rxa5 Rb1 72. Nc5+ Kd5 73. Nd3+ Kd4 74. Nc5 Kd5 75. Na6+ Kd4 76. Nxb4 Rb2+ 77. Kh3 Rxb3 78. Nc6+ Ke4 79. Ra4+ Kd5 80. Nd4 Rb2 81. Kxg3 Rb1 82. Nf3 Kc5 83. Rd4 Rb6 84. Rd1 Rd6 85. Rc1+ Kd5 86. Kf4 Rf6+ 87. Ke3 Re6+ 88. Kd3 Ra6 89. Rc8 Ra3+ 90. Ke2 Ke4 91. Nd2+ Kd5 92. Rd8+ Ke6 93. Nc4 Rc3 94. Ne3 Ra3 95. Kf3 Ra4 96. Ng2 Ra3+ 97. Kg4 Ra4+ 98. Nf4+ Ke7 99. Rd5 Kf6 100. Rf5+ Ke7 101. Re5+ Kf6 102. Re6+ Kf7 103. Rb6 Ra5 104. Nd3 Ke7 105. Kf4 Ra3 106. Nc5 Rh3 107. Ne4 Rh4+ 108. Kf5 Rh5+ 109. Kg6 Rd5 110. Nf6 Rd1 111. Kf5 Rf1+ 112. Ke5 Re1+ 113. Ne4 Kd7 114. Rb2 Ke7 115. Rb7+ Ke8 116. Kd5 Kf8 117. Ng5 Rd1+ 118. Ke6 Re1+ 119. Kf6 Rf1+ 120. Kg6 Ke8 121. Nf7 Rg1+ 122. Kf6 Rf1+ 123. Ke6 Re1+ 124. Ne5 Kd8 125. Rh7 Kc8 1/2-1/2

[Event "CHN-chT Div-A Rapid"]
[Site "Fuling"]
[Date "2022.09.16"]
[Round "9.6"]
[White "Zhao, Yuanhe"]
[Black "Liu, Qingnan"]
[Result "1/2-1/2"]
[WhiteElo "2440"]
[BlackElo "2542"]
[PlyCount "145"]
[EventDate "2022.09.06"]
[EventType "team-tourn (rapid)"]
[EventRounds "11"]
[EventCountry "CHN"]
[SourceTitle "CBM 210 Extra"]
[Source "ChessBase"]
[SourceDate "2022.11.30"]
[SourceVersion "1"]
[SourceVersionDate "2022.11.30"]
[SourceQuality "1"]
[WhiteTeam "Chengdu"]
[BlackTeam "Shandong"]
[WhiteTeamCountry "CHN"]
[BlackTeamCountry "CHN"]

1. Nf3 Nf6 2. c4 e6 3. Nc3 d5 4. e3 c5 5. cxd5 exd5 6. Bb5+ Bd7 7. Be2 a6 8. d4 c4 9. 0-0 Bb4 10. Ne5 0-0 11. Qc2 Nc6 12. a3 Ba5 13. f4 Qc8 14. Bf3 Bf5 15. Qf2 Bxc3 16. bxc3 Ne4 17. Qe1 f6 18. Nxc6 bxc6 19. a4 Qe6 20. Ba3 Rfb8 21. a5 Rb3 22. Bb4 Re8 23. Qc1 Bg4 24. Bxe4 Qxe4 25. Re1 Rb8 26. Qd2 R8xb4 27. cxb4 c3 28. Qf2 Rb2 29. Qg3 h5 30. Rac1 Qd3 31. e4 Qxd4+ 32. Kh1 c2 33. e5 Kf7 34. Qa3 Bf5 35. b5 cxb5 36. Qd6 Be6 37. f5 Bxf5 38. e6+ Bxe6 39. Qxe6+ Kg6 40. Qxa6 b4 41. Qb5 Ra2 42. a6 Kh6 43. a7 Qc3 44. Qxd5 Rxa7 45. Re8 g6 46. Qf3 Qxf3 47. gxf3 b3 48. Rb8 Rd7 49. Rxb3 Rd1+ 50. Kg2 Rxc1 51. Rc3 Kg5 52. Rc4 Kf5 53. h4 g5 54. hxg5 fxg5 55. Rc8 h4 56. Rf8+ Kg6 57. Rg8+ Kh7 58. Rc8 h3+ 59. Kh2 Rf1 60. Rxc2 Rxf3 61. Rc6 Kg7 62. Rd6 Kf7 63. Ra6 Re3 64. Rb6 g4 65. Rb4 Re2+ 66. Kh1 Rg2 67. Rf4+ Ke6 68. Re4+ Kf5 69. Rf4+ Kg5 70. Rf5+ Kh4 71. Rh5+ Kg3 72. Rxh3+ Kf2 73. Rf3+ 1/2-1/2

[Event "CHN-chT Div-A Rapid"]
[Site "Fuling"]
[Date "2022.09.15"]
[Round "8.2"]
[White "Lin, Yi1111"]
[Black "Zhao, Yuanhe"]
[Result "1/2-1/2"]
[WhiteElo "2394"]
[BlackElo "2440"]
[PlyCount "62"]
[EventDate "2022.09.06"]
[EventType "team-tourn (rapid)"]
[EventRounds "11"]
[EventCountry "CHN"]
[SourceTitle "CBM 210 Extra"]
[Source "ChessBase"]
[SourceDate "2022.11.30"]
[SourceVersion "1"]
[SourceVersionDate "2022.11.30"]
[SourceQuality "1"]
[WhiteTeam "Hangzhou Zhenjiang"]
[BlackTeam "Chengdu"]
[WhiteTeamCountry "CHN"]
[BlackTeamCountry "CHN"]

1. d4 d5 2. c4 c6 3. cxd5 cxd5 4. Nf3 Nf6 5. Nc3 Nc6 6. Bf4 Bf5 7. e3 e6 8. Bd3 Bxd3 9. Qxd3 Bd6 10. Bxd6 Qxd6 11. 0-0 0-0 12. Rfc1 Rfc8 13. h3 h6 14. Ne2 Ne7 15. Rxc8+ Rxc8 16. Rc1 Rxc1+ 17. Nxc1 Ne4 18. Nd2 Nxd2 19. Qxd2 Qc6 20. Ne2 g6 21. Qc1 Qxc1+ 22. Nxc1 h5 23. h4 Nf5 24. g3 Kf8 25. Kf1 Ke7 26. Ke2 Kd6 27. Nd3 Ke7 28. Kd2 Kd6 29. Ke2 Ke7 30. Kd2 Kd6 31. Ke2 Ke7 1/2-1/2